💯 Most given Baby Boy 👦 names in the USA 🇺🇸 in 1995 - Statistics

General Stats
  • This quiz has been taken 154 times
  • The average score is 66 of 100
Answer Stats
Order Name % Correct
#9 Daniel
93%
#17 James
93%
#13 John
93%
#2 Matthew
93%
#1 Michael
93%
#20 William
93%
#16 David
92%
#22 Rober
91%
#27 Thomas
90%
#35 Jose
88%
#71 Paul
88%
#89 Peter
88%
#12 Joseph
87%
#52 Mark
86%
#44 Charles
83%
#3 Christopher
83%
#92 Lucas
83%
#42 Richard
83%
#14 Zachary
83%
#47 Alex
82%
#4 Jacob
82%
#31 Benjamin
81%
#11 Andrew
80%
#82 Luke
80%
#39 Nathan
80%
#15 Ryan
80%
#38 Adam
79%
#21 Alexander
79%
#19 Anthony
79%
#88 Edward
79%
#5 Joshua
79%
#25 Kevin
79%
#33 Samuel
79%
#6 Nicholas
78%
#37 Steven
77%
#7 Tyler
77%
#18 Justin
76%
#40 Timothy
76%
#36 Brian
75%
#24 Kyle
75%
#30 Aaron
74%
#32 Eric
74%
#41 Jason
74%
#99 Noah
74%
#43 Patrick
74%
#8 Brandon
73%
#28 Christian
73%
#75 Ethan
73%
#23 Jonathan
72%
#67 Ian
70%
#98 Isaac
69%
#48 Jeremy
69%
#81 Marcus
68%
#90 Victor
67%
#73 Nathaniel
66%
#34 Dylan
65%
#84 Gregory
65%
#45 Sean
64%
#60 Evan
63%
#72 Kenneth
63%
#51 Logan
63%
#93 Elijah
62%
#29 Jordan
62%
#46 Jesse
59%
#91 Scott
59%
#78 Bradley
58%
#57 Stephen
58%
#54 Caleb
57%
#55 Connor
55%
#53 Hunter
54%
#68 Carlos
53%
#69 Taylor
53%
#65 Gabriel
52%
#85 Antonio
50%
#10 Austin
50%
#26 Cody
50%
#64 Jeffrey
50%
#50 Juan
50%
#70 Bryan
49%
#49 Cameron
48%
#61 Trevor
48%
#76 Jesus
47%
#83 Derek
46%
#66 Travis
46%
#97 Adrian
45%
#100 Shawn
43%
#77 Blake
42%
#96 Seth
40%
#58 Devin
39%
#63 Jared
39%
#74 Corey
38%
#94 Miguel
37%
#95 Chase
36%
#79 Mitchell
36%
#62 Dustin
35%
#80 Garrett
33%
#59 Luis
28%
#86 Tanner
24%
#56 Dakota
21%
#87 Dalton
15%
No matching quizzes found
Score Distribution
Percent of People with Each Score
Percentile by Number Answered
Your Score History
You have not taken this quiz